00660nam a2200229 a 4500001001300000003000900013005001700022008004100039020000900080082001700089100002500106245003500131260003600166300000900202500003500211505001700246650002200263902000800285942000700293952011500300999001500415nice12345678IN_TiNIC20260116012223.0050524s1976 deoa grp 000 0 eng  ac3000a297.63bHUS2 aHussaini, Syed Jamal aSeerat-E-Mubaraka Risalat Maab aDeobandbMaktaba Taiyyabac1976 a368p aincludes index and biblioraphy2 abibliography aMuhammad, Prophet bSRS cBK 001040708StackRoom-aHMIbHMId2007-07-10g30.00l0o297.63 HUS2p08941r2007-07-10v30.00w2005-05-24yBK c6136d6136